| 000 | 01002cam a2200229 a 4500 | ||
|---|---|---|---|
| 001 | 000025000 | ||
| 005 | 20200930023511.0 | ||
| 008 | 901219s1992 ck 000 | spa d | ||
| 020 | _a9586120864 | ||
| 040 |
_aDO-SdBNP _bspa _cBNPHU |
||
| 082 |
_a910.09861 _bP784 |
||
| 100 | 1 |
_aPombo, Manuel _951306 |
|
| 245 | 1 | 0 |
_aDe Medellín a Bogotá / _cManuel Pombo ; prólogo José Olinto Rueda ;traducción Gregorio Obregón. |
| 260 |
_aBogotá, (Colombia) : _bRepública de Colombia, Nación-Presidencia de la República : _bComisión Preparatoria para el V Centenario del Descubrimiento de América : _bInstituto Colombiano de Cultura (Colcultura), _c1992. |
||
| 300 |
_a174 p. ; _c24 cm. |
||
| 490 | 1 | _aBiblioteca V Centenario Colcultura. Viajeros por Colombia. | |
| 500 | _aIncluye nota al pie de páginas | ||
| 700 | 1 |
_aOlinto Rueda, José _epról. _951307 |
|
| 700 | 1 |
_aObregón, Gregorio _etr. _951308 |
|
| 830 | 0 |
_aBiblioteca V Centenario Colcultura ; _pViajeros por Colombia. _920309 |
|
| 049 | _aBNGR | ||
| 999 |
_c24493 _d24493 |
||